000 00584nam a22001817a 4500
005 20240111070940.0
008 240111b |||||||| |||| 00| 0 eng d
020 _a409045179
041 _aEnglish
082 _a346.7 NAT
100 _aNathan, CJM
_lEnglish
245 _aA handbook on The Compulsory Motor Vehicle Insurance Act 1971 /
_cNathan, CJM
250 _aSecond Edition
260 _aDurban :
_bButterworth and Company (Pty) Ltd,
_c1979
300 _bxvii, 204 pages ;
_c23 cm.
650 _aLegal practice
_bLaw
942 _cBK
_6ALISON_BN_VRIES
999 _c1225
_d1225